| 000 | 01811cam a22004694a 4500 | ||
|---|---|---|---|
| 001 | muse61039 | ||
| 003 | MdBmJHUP | ||
| 005 | 20210127151144.0 | ||
| 006 | m o d | ||
| 007 | cr||||||||nn|n | ||
| 008 | 150615t20152015miu o 00 0 eng d | ||
| 010 | _z 2015410926 | ||
| 020 | _a9780472121038 | ||
| 020 | _a0472121030 | ||
| 020 | _z9780472119554 (hbk.) | ||
| 020 | _z0472119559 (hbk.) | ||
| 020 | _z9780472036202 (pbk.) | ||
| 020 | _z0472036203 (pbk.) | ||
| 035 | _a(OCoLC)1017610587 | ||
| 040 |
_aMdBmJHUP _cMdBmJHUP |
||
| 050 | 0 | 4 |
_aPS3613.C5794 _bA6 2015 |
| 082 | 0 |
_a813/.6 _223 |
|
| 100 | 1 |
_aMcLeod, Charles, _d1975- _eauthor. |
|
| 240 | 1 | 0 |
_aShort stories. _kSelections |
| 245 | 1 | 0 |
_aSettlers of Unassigned Lands _cCharles McLeod. |
| 300 | _a1 online resource (116 pages) | ||
| 490 | 0 | _aTwenty-first century prose series | |
| 505 | 0 | _aHow to start your own midwestern ghost town -- Exit wounds -- Settlers of unassigned lands -- The ledge -- The subject of our first issue is art -- Lost cultures of the ancient world -- Rancho Brava. | |
| 506 | 0 |
_aOpen Access _fUnrestricted online access _2star |
|
| 588 | _aDescription based on print version record. | ||
| 655 | 7 |
_aElectronic books. _2local |
|
| 700 | 1 | 2 |
_aMcLeod, Charles, _d1975- _tHow to start your own midwestern ghost town. |
| 710 | 2 |
_aProject Muse. _edistributor |
|
| 830 | 0 | _aTwenty-first century prose series. | |
| 830 | 0 | _aBook collections on Project MUSE. | |
| 856 | 4 | 0 |
_zFull text available: _uhttps://muse.jhu.edu/book/52279/ |
| 945 | _aProject MUSE - Archive Complete Supplement VI | ||
| 945 | _aProject MUSE - Archive Poetry, Fiction and Creative Non-Fiction Supplement VI | ||
| 999 |
_c24806 _d24806 |
||